| 000 | 00523nam a2200181Ia 4500 | ||
|---|---|---|---|
| 999 |
_c28074 _d28074 |
||
| 003 | OSt | ||
| 005 | 20201217104427.0 | ||
| 008 | 190216s9999||||xx |||||||||||||| ||und|| | ||
| 020 | _a8177480073 | ||
| 040 | _coclc | ||
| 082 |
_a894.8121 _bRAM/R |
||
| 100 |
_aRamachandran, R _97495 |
||
| 245 | 0 |
_aR Ramachandrante Kavithakal / _cR Ramachandran |
|
| 260 |
_bUniversity Of Calicut, _c2000. _aCalicut: |
||
| 300 | _a38p | ||
| 650 | _aKavithkal | ||
| 942 |
_cBK _2ddc _h894.8121 _iRAM/R _k894.8121 _mRAM/R |
||